| 000 | 00530nam a2200169 4500 | ||
|---|---|---|---|
| 001 | 144168 | ||
| 003 | ES-MaACL | ||
| 005 | 20230906200946.0 | ||
| 007 | t| | ||
| 008 | 070214s1931 sp r ||||1| spa d | ||
| 100 | 1 |
_aSiegfried, André. _9106225 |
|
| 245 | 1 | 4 |
_aLos Estados Unidos de hoy / _cAndré Siegfried ; traducción de Antonio González de la Peña. |
| 260 |
_aMadrid : _b[s.n.], _c1931 ( _fArtes Gráf.) |
||
| 300 |
_a454 p. ; _c20 cm. |
||
| 700 | 1 |
_aGonzález de la Peña, Antonio. _958552 |
|
| 852 |
_aES-MaACL _jB-12263 |
||
| 999 |
_c144168 _d144168 |
||